| 000 | 02509ngm a22004814i 4500 | ||
|---|---|---|---|
| 001 | 991061312098506706 | ||
| 003 | ES-BaIT | ||
| 005 | 20260415134519.0 | ||
| 008 | 250408s2003 gw ||| |-|||||q|| vleng|c | ||
| 024 | 4 | _a4006680102801 | |
| 028 | 4 | 0 |
_a100 280 _bArthaus |
| 040 |
_aES-BaIT _bcat _erda _cES-BaIT |
||
| 041 | 0 |
_aeng _feng _fger _ffre _fspa _jeng _jger _jfre _jspa |
|
| 080 | _a793.4(086.8) | ||
| 245 | 0 | 0 |
_aHouston Ballet : _bImage - Ghost Dances - Journey / _cproduced and directed by Thomas Grimm ; co-produced by Danmarks Radio and Houston Ballet in association with RM Arts |
| 264 | 1 |
_aMunich : _bArtHaus Musik ; _bRM Associates, _c[2003] |
|
| 300 |
_a1 videodisc (98 min): _bcolor, so; _c19 cm + _e1 llibret (13 pàgines) |
||
| 336 |
_aimatge en moviment bidimensional _btdi _2rdacontent |
||
| 337 |
_avídeo _bv _2rdamedia |
||
| 338 |
_avideodisc _bvd _2rdacarrier |
||
| 344 |
_adigital _bòptic _gestèreo _hDolby digital 5.1 _2rda |
||
| 346 | _bPAL | ||
| 347 |
_afitxer vídeo _bDVD vídeo _etotes les regions _2rda |
||
| 500 | _aFormat de pantalla (4:3) | ||
| 500 | _aProduït per Danmarks Radio i Houston Ballet el 1991 | ||
| 500 | _aCada obra inclou comentaris del coreògraf i la segona obra també inclou comentaris del compositor | ||
| 505 | 8 | _aConté: 1. Image / choreographer, Ben Stevenson ; music, Gustav Mahler ([dancer], Janie Parker ; music recorded by The Danish Radio Symphony Orchestra) -- 2. Ghost dances / choreographer, Christopher Bruce ([soloist dancers], Li Cunxin, Paul LeGros, Sean Kelly ; music recorded by Inti-Illimani) -- 3. Journey / choreographer, Christopher Bruce ; music by Palle Mikkelborg ([soloist dancers], Mark Arvin, Erika Johnson, Gregg Garrett ; music recorded by Duo Concertante) | |
| 546 | _aEn anglès. Menú en anglès, alemany, francès i castella amb subtítols en anglès, alemany, francès i castella | ||
| 650 | 4 |
_aDansa clàssica _xCoreografies _956589 |
|
| 655 | 4 |
_aCinema de dansa _9127060 |
|
| 700 | 1 |
_aStevenson, Ben, _d1937-2026 _ecoreògraf _9169260 |
|
| 700 | 1 |
_aMahler, Gustav, _d1860-1911 _ecompositor _931011 |
|
| 700 | 1 |
_aMikkelborg, Palle _ecompositor _9169261 |
|
| 700 | 1 |
_aBruce, Christopher, _d1945- _ecoreògraf _995032 |
|
| 700 | 1 |
_aGrimm, Thomas, _d1942- _ecineasta _9166300 |
|
| 710 | 2 |
_aHouston Ballet _eballarí _9169263 |
|
| 730 | 0 | 2 |
_aImage (Coreografia) _9169266 |
| 730 | 0 | 2 |
_aGhost dances (Coreografia) _9169267 |
| 730 | 0 | 2 |
_aJourney (Coreografia) _9169268 |
| 908 | _aCDMAE | ||
| 940 | _aCDMAE | ||
| 942 |
_2udc _c5 |
||
| 999 |
_c137377 _d137377 |
||